Państwa o największej liczbie ludzi w skrajnym ubóstwie - Statystyki

Ogólne statystyki
  • Ten quiz został rozwiązany 173 razy
  • Średni wynik to 15 z 24
Statystyki odpowiedzi
# % Państwo % Poprawnych
62.0 m 71.4 Demokratyczna Republika Konga
85%
14.9 m 63.9 Niger
82%
37.0 m 2.7 Indie
79%
95.9 m 47.7 Nigeria
79%
9.8 m 22.9 Sudan
79%
8.6 m 16.3 Kenia
78%
27.5 m 24.5 Etiopia
75%
7.6 m 48.9 Somalia
71%
14.4 m 24.5 Republika Południowej Afryki
67%
8.9 m 80.3 Sudan Południowy
67%
9.1 m 4.3 Brazylia
65%
23.8 m 41.1 Tanzania
65%
10.8 m 6.6 Bangladesz
62%
13.7 m 31.0 Uganda
62%
14.4 m 37.8 Afganistan
60%
17.1 m 56.2 Mozambik
56%
9.5 m 53.0 Zambia
56%
10.8 m 4.0 Indonezja
54%
16.2 m 55.6 Jemen
54%
20.6 m 76.4 Madagaskar
54%
8.2 m 28.8 Wenezuela
51%
15.1 m 58.8 Korea Północna
49%
12.6 m 67.5 Malawi
31%
8.9 m 77.2 Burundi
26%
Nie znaleziono quizów pasujących do podanych kryteriów
Rozkład punktacji
Procent ludzi z każdym wynikiem
Percentyl według liczby udzielonych odpowiedzi
Twoja historia wyników
Nie rozwiązałeś tego quizu